| 000 | 00702nam a2200205Ia 4500 | ||
|---|---|---|---|
| 003 | GCL | ||
| 008 | 140319s9999 xx 000 0 ara d | ||
| 040 |
_aGCL / _cGCL |
||
| 082 | 0 | 4 |
_a658 _bب ا |
| 100 | 1 | _aابراهيم على البرلس | |
| 245 | 1 | 0 |
_aاستراتجية الادارة العليا ماهيتها و كيفية تشغيلها / _cابراهيم على البرلس |
| 700 | 1 | _aبنيامين ب. تريجو | |
| 700 | 1 | _aجون ف زيمومان | |
| 700 | 1 | _aمحمد الحديدى | |
| 260 |
_a[S.N] : _bالدار الدولية للنشر والتوزيع ، _c1988 |
||
| 300 | _a160 | ||
| 490 | _a | ||
| 650 | 0 | 4 | _aالادارة والتنظيم |
| 942 |
_2ddc _cBK |
||
| 999 |
_c42140 _d42140 |
||